000 01110 a2200205 4500
001 15992
005 20260407155451.0
008 260407a1985 arg spa d
003 AR-UNSa-BCEJYS
040 _aAR-UNSa-BCEJYS
_bspa
_cAR-UNSa-BCEJYS
080 _a519.2
_xProbabilidades y estadística matemática
245 1 0 _aIntroducción a la estadística
020 _a968-26-0603-9
264 1 _aMéxico :
_bCECSA (Compañia Editorial Continental)
_c1985
300 _a536 p.
_c24 cm.
505 _a1. La estadística y su empleo - 2. Obtención y presentación de datos - 3. Descripción de los datos estadisticos muestrales - 4. Eventos y probabilidades - 5. Reglas y funciones probabilisticas - 6. Valor esperado y distribución muestral - 7. Distribución probabilistica binomial - 8. Distribución probabilistica normal - 9. Inferencia estadística - 10. Prueba t - 11. Prueba x2 - 12. Prueba F - 13. Regresion y correlación - 14. Metódos no parametricos - 15. Elementos de la teoría moderna de decisiones
942 _cBK
590 _aniveau_biblio:m niveau_hierar:0
100 1 _aChao, Lincoln L.
999 _c668
_d668